Tên phát xít mặc thường phục Tuyển tập truyện ngắn thế giới

Wedi'i Gadw mewn:
Manylion Llyfryddiaeth
Fformat: Llyfr
Iaith:Undetermined
Cyhoeddwyd: Hà Nội Tác phẩm mới 1985
Pynciau:
Tagiau: Ychwanegu Tag
Dim Tagiau, Byddwch y cyntaf i dagio'r cofnod hwn!
Thư viện lưu trữ: Trung tâm Học liệu Trường Đại học Cần Thơ
LEADER 00531nam a2200169Ia 4500
001 CTU_9456
008 210402s9999 xx 000 0 und d
082 |a 808.8 
082 |b T254p 
245 0 |a Tên phát xít mặc thường phục 
245 0 |b Tuyển tập truyện ngắn thế giới 
260 |a Hà Nội 
260 |b Tác phẩm mới 
260 |c 1985 
650 |a short stories 
904 |i Nguyễn Quang Điền, 960927 
980 |a Trung tâm Học liệu Trường Đại học Cần Thơ